Ekonomické aspekty migrácie z krajín V4 do Spojeného kráľovstva bakalárska práca
Saved in:
| Main Author: | |
|---|---|
| Corporate Author: | |
| Other Authors: | |
| Format: | Book |
| Language: | Slovak |
| Published: |
Bratislava
2018
|
| Tags: |
No Tags, Be the first to tag this record!
|
MARC
| LEADER | 00000nbm a2200000 4500 | ||
|---|---|---|---|
| 001 | 0244433 | ||
| 005 | 20180810101608.7 | ||
| 041 | 0 | |a slo | |
| 044 | |a SK | ||
| 245 | 1 | 0 | |a Ekonomické aspekty migrácie z krajín V4 do Spojeného kráľovstva |b bakalárska práca |c Patrik Gazdag ; školiteľ: Marianna Dudášová |
| 264 | 1 | |a Bratislava |c 2018 | |
| 300 | |a 51 s. | ||
| 100 | 1 | |a Gazdag, Patrik | |
| 700 | 1 | |a Dudášová, Marianna | |
| 710 | 2 | |a Fakulta medzinárodných vzťahov EU. Katedra medzinárodných ekonomických vzťahov a hospodárskej diplomacie | |